[Event "Oberliga Bayern 2324"]
[Site "Germany"]
[Date "2024.02.25"]
[Round "6.7"]
[White "Huch, Reiner"]
[Black "Stoer, Andreas"]
[Result "1/2-1/2"]
[WhiteElo "2206"]
[BlackElo "2065"]
[PlyCount "47"]
[EventDate "2023.10.22"]
[EventType "team-tourn"]
[EventRounds "9"]
[EventCountry "GER"]
[SourceTitle "EXT 2025"]
[Source "ChessBase"]
[SourceDate "2024.10.14"]
[SourceVersion "1"]
[SourceVersionDate "2024.10.14"]
[SourceQuality "1"]
[WhiteTeam "Trostberg"]
[BlackTeam "Kriegshaber"]
[WhiteTeamCountry "GER"]
[BlackTeamCountry "GER"]

1. d4 d5 2. c4 c6 3. e3 Nf6 4. Nc3 e6 5. Nf3 Nbd7 6. Qc2 Bd6 7. Be2 0-0 8. 0-0 Qe7 9. Rd1 b6 10. e4 Nxe4 11. Nxe4 dxe4 12. Qxe4 Bb7 13. Bd3 f5 14. Qe2 c5 15. dxc5 Nxc5 16. Bc2 h6 17. Be3 e5 18. Nh4 f4 19. Bxc5 Bxc5 20. Qg4 Bc8 21. Qh5 Bb7 22. Qg4 Bc8 23. Qh5 Bb7 24. Qg4 1/2-1/2

[Event "Oberliga Bayern 2324"]
[Site "Germany"]
[Date "2023.11.19"]
[Round "2.7"]
[White "Lipinsky, Markus"]
[Black "Stoer, Andreas"]
[Result "1-0"]
[WhiteElo "1988"]
[BlackElo "2065"]
[PlyCount "61"]
[EventDate "2023.10.22"]
[EventType "team-tourn"]
[EventRounds "9"]
[EventCountry "GER"]
[SourceTitle "EXT 2025"]
[Source "ChessBase"]
[SourceDate "2024.10.14"]
[SourceVersion "1"]
[SourceVersionDate "2024.10.14"]
[SourceQuality "1"]
[WhiteTeam "Muenchen Tarrasch"]
[BlackTeam "Kriegshaber"]
[WhiteTeamCountry "GER"]
[BlackTeamCountry "GER"]

1. d4 d5 2. c4 c6 3. Nc3 Nf6 4. Nf3 e6 5. Bg5 Nbd7 6. Qc2 Qa5 7. Bd2 Qc7 8. e4 dxe4 9. Nxe4 c5 10. 0-0-0 Be7 11. Kb1 b6 12. Bg5 Bb7 13. d5 0-0-0 14. Nc3 a6 15. dxe6 fxe6 16. Bd3 Bd6 17. Rhe1 Ne5 18. Nxe5 Bxe5 19. Na4 h6 20. Bh4 Rd4 21. f4 Bxf4 22. Rxe6 Rd6 23. Rxd6 Bxd6 24. Qb3 g5 25. Nxb6+ Kb8 26. Bf2 Rf8 27. Be1 Be5 28. Ba5 Qc6 29. Bf5 Bd4 30. Re1 Ne4 31. Nd7+ 1-0

[Event "Landesliga Sued 1920"]
[Site "Bayern"]
[Date "2019.12.08"]
[Round "4.8"]
[White "Stoer, Andreas"]
[Black "Spiesberger, Gerhard"]
[Result "1-0"]
[WhiteElo "2095"]
[BlackElo "1997"]
[PlyCount "81"]
[EventDate "2019.09.29"]
[EventType "team-tourn"]
[EventRounds "9"]
[EventCountry "GER"]
[SourceTitle "EXT 2021"]
[Source "ChessBase"]
[SourceDate "2020.10.23"]
[SourceVersion "1"]
[SourceVersionDate "2020.10.23"]
[SourceQuality "1"]
[WhiteTeam "Kriegshaber"]
[BlackTeam "Rottal Inn"]
[WhiteTeamCountry "GER"]
[BlackTeamCountry "GER"]

1. c4 d6 2. Nf3 e5 3. Nc3 Nc6 4. g3 f5 5. d3 Nf6 6. Bg2 Be7 7. 0-0 0-0 8. Rb1 Qe8 9. Nd5 Bd8 10. Bg5 Qf7 11. Nd2 Ng4 12. Bxd8 Nxd8 13. e3 c6 14. Nc3 f4 15. exf4 exf4 16. Nce4 Qg6 17. Nf3 fxg3 18. hxg3 Rxf3 19. Qxf3 Qh6 20. Rfe1 Qh2+ 21. Kf1 Ne5 22. Nxd6 Ndf7 23. Nxc8 Rxc8 24. Qf5 Rf8 25. Rxe5 Nxe5 26. Qxe5 Qh6 27. Re1 Qd2 28. Qe2 Qg5 29. Qe3 Qd8 30. d4 h6 31. d5 cxd5 32. cxd5 Qa5 33. a3 Qb5+ 34. Qe2 Qc5 35. b4 Qd4 36. Kg1 Kh8 37. Qe3 Qf6 38. Re2 Qa1+ 39. Kh2 Qd1 40. Qe7 Kg8 41. d6 1-0

[Event "Landesliga Sued 1718"]
[Site "Bayern"]
[Date "2018.03.18"]
[Round "8.6"]
[White "Schmid, Franz"]
[Black "Stoer, Andreas"]
[Result "1/2-1/2"]
[WhiteElo "2140"]
[BlackElo "2108"]
[PlyCount "75"]
[EventDate "2017.10.22"]
[EventType "team-tourn"]
[EventRounds "9"]
[EventCountry "GER"]
[SourceTitle "EXT 2022"]
[Source "ChessBase"]
[SourceDate "2021.10.06"]
[SourceVersion "1"]
[SourceVersionDate "2021.10.06"]
[SourceQuality "1"]
[WhiteTeam "Roehrnbach"]
[BlackTeam "Kriegshaber SK"]
[WhiteTeamCountry "GER"]
[BlackTeamCountry "GER"]

1. e4 e5 2. Nf3 Nc6 3. d4 exd4 4. Nxd4 Nf6 5. Nxc6 bxc6 6. e5 Qe7 7. Qe2 Nd5 8. c4 Ba6 9. Nd2 g6 10. Qe4 f5 11. exf6 Nxf6 12. Qxe7+ Bxe7 13. Be2 0-0 14. 0-0 d5 15. Rd1 Rae8 16. Bf3 Bd6 17. b3 Be5 18. Rb1 Rd8 19. Ba3 Rfe8 20. Bc5 Bc8 21. Re1 Bf5 22. Rbd1 a5 23. Nf1 Bc2 24. Rc1 Be4 25. Bxe4 Nxe4 26. Be3 d4 27. Bh6 Nc5 28. Rcd1 Rb8 29. g3 Kf7 30. Nd2 Bf6 31. Rxe8 Rxe8 32. Nf3 Ne6 33. Bd2 c5 34. Ne1 Ra8 35. Rb1 a4 36. b4 a3 37. Nd3 Ra4 38. Rb3 1/2-1/2

[Event "Landesliga Sued 1617"]
[Site "Bayern"]
[Date "2017.02.19"]
[Round "6.5"]
[White "Eckerl, Uwe"]
[Black "Stoer, Andreas"]
[Result "1-0"]
[WhiteElo "2078"]
[BlackElo "2143"]
[PlyCount "135"]
[EventDate "2016.10.16"]
[EventType "team-tourn"]
[EventRounds "9"]
[EventCountry "GER"]
[SourceTitle "EXT 2019"]
[Source "ChessBase"]
[SourceDate "2018.10.10"]
[SourceVersion "1"]
[SourceVersionDate "2018.10.10"]
[SourceQuality "1"]
[WhiteTeam "Roehrnbach"]
[BlackTeam "Kriegshaber"]
[WhiteTeamCountry "GER"]
[BlackTeamCountry "GER"]

1. e4 e5 2. Nf3 Nc6 3. Bb5 a6 4. Ba4 Nf6 5. 0-0 Be7 6. d3 b5 7. Bb3 d6 8. c3 0-0 9. Re1 Re8 10. Ng5 Rf8 11. f4 Bg4 12. Nf3 exf4 13. Bxf4 Ne5 14. d4 Ng6 15. Bc1 d5 16. e5 Ne4 17. Nbd2 Bh4 18. Nxe4 Bxf3 19. Qxf3 Bxe1 20. Ng5 c6 21. Qh5 h6 22. Nf3 Bh4 23. Bc2 Be7 24. Bxg6 fxg6 25. Qxg6 Qe8 26. Qg4 Kh7 27. Be3 Qg6 28. Qxg6+ Kxg6 29. Kf2 Bg5 30. h3 Bxe3+ 31. Kxe3 Kf5 32. Nh4+ Kg5 33. Nf3+ Kf5 34. Nh4+ Kg5 35. Nf3+ Kh5 36. g4+ Kg6 37. Nh4+ Kg5 38. Nf3+ Kg6 39. Nh4+ Kf7 40. Rf1+ Kg8 41. Rg1 Kf7 42. Rf1+ Ke8 43. Rg1 Ra7 44. Ng6 Rff7 45. h4 Rab7 46. a3 a5 47. h5 b4 48. cxb4 axb4 49. a4 b3 50. Rc1 Kd7 51. e6+ Kxe6 52. Rxc6+ Kd7 53. Ne5+ Ke8 54. Nxf7 Kxf7 55. a5 Re7+ 56. Kd3 Re1 57. a6 Ra1 58. Rc7+ Kf6 59. a7 g6 60. Kc3 gxh5 61. gxh5 Kg5 62. Kxb3 Kxh5 63. Kc2 Kg4 64. b4 h5 65. b5 h4 66. b6 h3 67. Rh7 Ra6 68. Rh8 1-0

[Event "Landesliga Sued 1516"]
[Site "Bayern"]
[Date "2016.03.13"]
[Round "8.2"]
[White "Stoer, Andreas"]
[Black "Mueller, Alexander"]
[Result "1-0"]
[WhiteElo "2143"]
[BlackElo "2235"]
[PlyCount "53"]
[EventDate "2015.10.11"]
[EventType "team-tourn"]
[EventRounds "9"]
[EventCountry "GER"]
[SourceTitle "EXT 2018"]
[Source "ChessBase"]
[SourceDate "2017.10.13"]
[SourceVersion "1"]
[SourceVersionDate "2017.10.13"]
[SourceQuality "1"]
[WhiteTeam "Kriegshaber"]
[BlackTeam "Rottal"]
[WhiteTeamCountry "GER"]
[BlackTeamCountry "GER"]

1. c4 c5 2. Nf3 Nf6 3. g3 d5 4. Bg2 Nc6 5. 0-0 e5 6. cxd5 Nxd5 7. Nc3 Be6 8. Ng5 Nxc3 9. Nxe6 Nxd1 10. Nxd8 Nxd8 11. Rxd1 Rc8 12. b3 Bd6 13. Ba3 Rc7 14. e3 Ke7 15. Rac1 Ne6 16. f4 f6 17. f5 Ng5 18. d4 exd4 19. exd4 Rhc8 20. dxc5 Bxc5+ 21. Rxc5 Rxc5 22. Bxb7 R8c7 23. Bd5 h5 24. h4 Nh7 25. Bg8 Nf8 26. Rd5 Nd7 27. Be6 1-0

[Event "Oberliga Bayern 1415"]
[Site "Germany"]
[Date "2015.02.22"]
[Round "7.6"]
[White "Walter, Florian"]
[Black "Stoer, Andreas"]
[Result "1/2-1/2"]
[WhiteElo "2134"]
[BlackElo "2176"]
[PlyCount "90"]
[EventDate "2014.10.19"]
[EventType "team-tourn"]
[EventRounds "9"]
[EventCountry "GER"]
[SourceTitle "EXT 2016"]
[Source "ChessBase"]
[SourceDate "2015.10.08"]
[SourceVersion "1"]
[SourceVersionDate "2015.10.08"]
[SourceQuality "1"]
[WhiteTeam "Nuernberg NT"]
[BlackTeam "Kriegshaber"]
[WhiteTeamCountry "GER"]
[BlackTeamCountry "GER"]

1. c4 c5 2. Nc3 Nc6 3. g3 Nf6 4. Bg2 e6 5. Nf3 d5 6. cxd5 Nxd5 7. 0-0 Be7 8. b3 Bf6 9. Bb2 0-0 10. Qc2 b6 11. Nxd5 exd5 12. d4 Ba6 13. Rfe1 Rc8 14. dxc5 bxc5 15. Bxf6 Qxf6 16. Qd2 Rfd8 17. Rac1 Qd6 18. Qf4 Qxf4 19. gxf4 c4 20. Bh3 Rb8 21. Bf1 Nb4 22. Nd4 Nxa2 23. Ra1 Nb4 24. e3 Rb6 25. bxc4 dxc4 26. Reb1 Rdd6 27. f3 g6 28. Ra4 Nd3 29. Bxd3 cxd3 30. Rba1 Kf8 31. R4a2 Ke7 32. Kf2 Kd7 33. Ke1 Kc8 34. Kd2 Kb7 35. Kc3 Rd5 36. Ra5 Rxa5 37. Rxa5 Rb1 38. Re5 Rc1+ 39. Kd2 Rh1 40. Re7+ Kb6 41. Rxf7 Rxh2+ 42. Kc3 Rh5 43. Rf6+ Ka5 44. Nb3+ Kb5 45. Nd4+ Ka5 1/2-1/2

[Event "Oberliga Bayern 1415"]
[Site "Germany"]
[Date "2014.12.07"]
[Round "4.8"]
[White "Stoer, Andreas"]
[Black "Schmidt, Anton"]
[Result "1-0"]
[WhiteElo "2176"]
[BlackElo "2164"]
[PlyCount "155"]
[EventDate "2014.10.19"]
[EventType "team-tourn"]
[EventRounds "9"]
[EventCountry "GER"]
[SourceTitle "EXT 2016"]
[Source "ChessBase"]
[SourceDate "2015.10.08"]
[SourceVersion "1"]
[SourceVersionDate "2015.10.08"]
[SourceQuality "1"]
[WhiteTeam "Kriegshaber"]
[BlackTeam "Groebenzell"]
[WhiteTeamCountry "GER"]
[BlackTeamCountry "GER"]

1. Nf3 d5 2. c4 e6 3. g3 c5 4. Bg2 Nc6 5. 0-0 Nf6 6. cxd5 exd5 7. d4 Be7 8. dxc5 Bxc5 9. a3 Ne4 10. Nfd2 Bf5 11. Nxe4 Bxe4 12. Bxe4 dxe4 13. Nc3 Qxd1 14. Rxd1 e3 15. Bxe3 Bxe3 16. fxe3 Ne5 17. Rd5 f6 18. Nb5 0-0 19. Rc1 Rac8 20. Rdc5 Rxc5 21. Rxc5 Rd8 22. Nd4 Rd7 23. h3 Kf7 24. Kf2 g6 25. Rc2 Ke7 26. b4 Nf7 27. a4 Ng5 28. h4 Nf7 29. g4 Ne5 30. Kg3 Nf7 31. b5 Nd6 32. a5 b6 33. axb6 axb6 34. Rc6 Rb7 35. Kf4 Kd7 36. Rc3 Ra7 37. e4 Ra5 38. Rb3 Ra4 39. e3 Nc4 40. g5 fxg5+ 41. hxg5 Ra1 42. Rc3 Rf1+ 43. Nf3 Nd6 44. Rb3 Ke6 45. Rc3 Nxb5 46. Rc6+ Kd7 47. Rxb6 Nc7 48. Rf6 Ke7 49. Ke5 Ra1 50. Nd4 Rg1 51. Rc6 Ne8 52. Nf3 Ra1 53. Rc5 Ra3 54. Kf4 Ra1 55. Re5+ Kd7 56. Rb5 Nc7 57. Rb8 Ne6+ 58. Ke5 Nd8 59. Kf4 Ke7 60. Kg4 Ra3 61. Kf4 Ra1 62. Rb2 Ra3 63. Nd4 Ra1 64. Rh2 Rf1+ 65. Nf3 Ne6+ 66. Kg4 Nf8 67. Ra2 Rb1 68. Ra7+ Ke6 69. Nd4+ Kd6 70. Rf7 Rb8 71. Kf4 Re8 72. e5+ Kd5 73. Ra7 Rb8 74. Ra5+ Kc4 75. e6 Kd3 76. e7 Nd7 77. Rd5 Nb6 78. Rd8 1-0

[Event "Oberliga Bayern 1213"]
[Site "Bayern"]
[Date "2013.02.24"]
[Round "7.5"]
[White "Stoer, Andreas"]
[Black "Hellmayr, Alois"]
[Result "1-0"]
[WhiteElo "2178"]
[BlackElo "2148"]
[PlyCount "91"]
[EventDate "2012.10.14"]
[EventType "team-tourn"]
[EventRounds "9"]
[EventCountry "GER"]
[SourceTitle "EXT 2015"]
[Source "ChessBase"]
[SourceDate "2014.11.20"]
[SourceVersion "1"]
[SourceVersionDate "2014.11.20"]
[SourceQuality "1"]
[WhiteTeam "Kriegshaber"]
[BlackTeam "Passau"]
[WhiteTeamCountry "GER"]
[BlackTeamCountry "GER"]

1. c4 c5 2. Nf3 b6 3. g3 Bb7 4. Bg2 g6 5. 0-0 Bg7 6. Nc3 Nc6 7. e3 Nh6 8. d4 Nf5 9. d5 Na5 10. e4 Nd4 11. Qd3 Ba6 12. Nd2 Rb8 13. Nb5 Bxb5 14. cxb5 Qc8 15. Nc4 Nxc4 16. Qxc4 a6 17. a4 d6 18. Be3 axb5 19. axb5 0-0 20. Ra7 Rb7 21. Rfa1 Qd7 22. Rxb7 Qxb7 23. Ra6 Rb8 24. Qa4 Qd7 25. Ra8 Qe8 26. Rxb8 Qxb8 27. h3 h5 28. Bf1 Kh7 29. Kg2 Bf6 30. Bd3 Bg7 31. b4 Qc7 32. bxc5 dxc5 33. f4 h4 34. g4 Qb8 35. e5 Qb7 36. Be4 f5 37. exf6 Bxf6 38. Qa6 Qb8 39. Qa3 Qe8 40. Qd3 Qxb5 41. Bxg6+ Kg7 42. g5 Qb2+ 43. Bf2 Ne2 44. gxf6+ exf6 45. Qe4 Ng3 46. Qe8 1-0

[Event "Oberliga Bayern 1213"]
[Site "Bayern"]
[Date "2013.02.03"]
[Round "6.4"]
[White "Stoer, Andreas"]
[Black "Maurer, Jochen"]
[Result "0-1"]
[WhiteElo "2178"]
[BlackElo "2252"]
[PlyCount "63"]
[EventDate "2012.10.14"]
[EventType "team-tourn"]
[EventRounds "9"]
[EventCountry "GER"]
[SourceTitle "EXT 2015"]
[Source "ChessBase"]
[SourceDate "2014.11.20"]
[SourceVersion "1"]
[SourceVersionDate "2014.11.20"]
[SourceQuality "1"]
[WhiteTeam "Kriegshaber"]
[BlackTeam "Pang/Rosenheim"]
[WhiteTeamCountry "GER"]
[BlackTeamCountry "GER"]

1. c4 Nf6 2. Nf3 g6 3. g3 Bg7 4. Bg2 0-0 5. 0-0 d6 6. Nc3 a6 7. d3 e5 8. Rb1 Nc6 9. b4 h6 10. a4 Be6 11. b5 axb5 12. axb5 Ne7 13. Bb2 c6 14. Ra1 Qc7 15. Qb3 Nd7 16. Nd2 f5 17. Ra3 f4 18. bxc6 bxc6 19. Qa2 Rxa3 20. Qxa3 Nf5 21. Qa6 Nd4 22. Ba3 Rb8 23. Rc1 Bf8 24. Nde4 Rb7 25. Qa8 Rb8 26. Qa4 Nb6 27. Qd1 Ra8 28. Bb2 Qf7 29. e3 fxe3 30. fxe3 Nf5 31. Qe2 d5 32. Rf1 0-1

[Event "Oberliga Bayern 1213"]
[Site "Bayern"]
[Date "2012.12.09"]
[Round "4.5"]
[White "Kotz, Reinhard"]
[Black "Stoer, Andreas"]
[Result "1/2-1/2"]
[WhiteElo "2154"]
[BlackElo "2178"]
[PlyCount "27"]
[EventDate "2012.10.14"]
[EventType "team-tourn"]
[EventRounds "9"]
[EventCountry "GER"]
[SourceTitle "EXT 2015"]
[Source "ChessBase"]
[SourceDate "2014.11.20"]
[SourceVersion "1"]
[SourceVersionDate "2014.11.20"]
[SourceQuality "1"]
[WhiteTeam "Puschendorf"]
[BlackTeam "Kriegshaber"]
[WhiteTeamCountry "GER"]
[BlackTeamCountry "GER"]

1. f4 Nf6 2. Nf3 g6 3. b4 Bg7 4. Bb2 0-0 5. e3 a5 6. b5 d6 7. Na3 e5 8. fxe5 Ng4 9. Nc4 d5 10. h3 Nh6 11. Na3 Nf5 12. Bd3 Ng3 13. Rg1 Nd7 14. c4 1/2-1/2

[Event "Neckar op-A 16th"]
[Site "Deizisau"]
[Date "2012.04.07"]
[Round "5"]
[White "Shishkin, Vadim"]
[Black "Stoer, Andreas"]
[Result "1-0"]
[WhiteElo "2464"]
[BlackElo "2148"]
[PlyCount "61"]
[EventDate "2012.04.05"]
[EventType "swiss"]
[EventRounds "9"]
[EventCountry "GER"]
[SourceTitle "CBM 147 Extra"]
[Source "ChessBase"]
[SourceDate "2012.04.24"]
[SourceVersion "1"]
[SourceVersionDate "2012.04.24"]
[SourceQuality "1"]

1. d4 d5 2. c4 c6 3. Nc3 Nf6 4. Nf3 e6 5. Bg5 Nbd7 6. cxd5 exd5 7. e3 Be7 8. Qc2 0-0 9. Bd3 Re8 10. 0-0 Nf8 11. Rae1 Ne4 12. Bxe7 Qxe7 13. Bxe4 dxe4 14. Nd2 f5 15. f3 exf3 16. Nxf3 Be6 17. e4 fxe4 18. Rxe4 h6 19. Rfe1 Qd6 20. R1e3 Red8 21. Qe2 Bf7 22. Ne5 Bd5 23. Rg4 Be6 24. Rh4 Qe7 25. Rhe4 Qc7 26. Rg3 Kh8 27. Rf4 Qb6 28. Qe4 c5 29. d5 c4+ 30. Rf2 Bxd5 31. Nxd5 1-0

[Event "Oberliga Bayern 1112"]
[Site "Bayern"]
[Date "2012.02.05"]
[Round "6.6"]
[White "Stoer, Andreas"]
[Black "Prediger, Rupert"]
[Result "1-0"]
[WhiteElo "2152"]
[BlackElo "2166"]
[PlyCount "85"]
[EventDate "2011.10.02"]
[EventType "team-tourn"]
[EventRounds "9"]
[EventCountry "GER"]
[SourceTitle "EXT 2013"]
[Source "ChessBase"]
[SourceDate "2012.11.22"]
[SourceVersion "1"]
[SourceVersionDate "2012.11.22"]
[SourceQuality "1"]
[WhiteTeam "Kriegshaber"]
[BlackTeam "Pang/Rosenheim"]
[WhiteTeamCountry "GER"]
[BlackTeamCountry "GER"]

1. c4 c5 2. Nf3 Nc6 3. Nc3 g6 4. e3 Bg7 5. d4 b6 6. Be2 Nh6 7. d5 Na5 8. e4 d6 9. Bf4 Ng4 10. Qd2 h5 11. h3 Ne5 12. Nxe5 dxe5 13. Bg5 Nb7 14. 0-0 h4 15. a3 f6 16. Be3 g5 17. Qd1 Bd7 18. b4 Rc8 19. Rc1 Kf7 20. Na4 Kg6 21. bxc5 Nxc5 22. Nxc5 bxc5 23. Rb1 Qc7 24. Bg4 Rb8 25. Bf5+ Bxf5 26. exf5+ Kxf5 27. f4 Kg6 28. fxg5 f5 29. Rxf5 e4 30. Rf4 Rbf8 31. Qg4 Rxf4 32. Bxf4 Bd4+ 33. Kh2 Qc8 34. Qxc8 Rxc8 35. g3 Re8 36. gxh4 e5 37. Bg3 e3 38. Kg2 Kf5 39. Kf3 Rd8 40. Rb7 Rd6 41. Rf7+ Kg6 42. Rxa7 Rb6 43. Kg4 1-0

[Event "Landesliga Sued 1011"]
[Site "Bayern"]
[Date "2011.02.06"]
[Round "6.3"]
[White "Kunze, Holger"]
[Black "Stoer, Andreas"]
[Result "0-1"]
[WhiteElo "2118"]
[BlackElo "2216"]
[PlyCount "114"]
[EventDate "2010.10.10"]
[EventType "team-tourn"]
[EventRounds "9"]
[EventCountry "GER"]
[SourceTitle "EXT 2012"]
[Source "ChessBase"]
[SourceDate "2011.11.24"]
[SourceVersion "1"]
[SourceVersionDate "2011.11.24"]
[SourceQuality "1"]
[WhiteTeam "Bayern Muenchen III"]
[BlackTeam "Kriegshaber"]
[WhiteTeamCountry "GER"]
[BlackTeamCountry "GER"]

1. d4 d5 2. c4 c6 3. Nf3 Nf6 4. Nc3 e6 5. Bg5 Nbd7 6. cxd5 exd5 7. e3 Be7 8. Qc2 0-0 9. Bd3 Re8 10. 0-0 Nf8 11. Rab1 Be6 12. b4 Rc8 13. Rfc1 N6d7 14. Bf4 b5 15. a4 a6 16. a5 Nf6 17. h3 Ng6 18. Bh2 Bd6 19. Bxd6 Qxd6 20. Ng5 Bd7 21. Rd1 Qe7 22. e4 h6 23. e5 hxg5 24. Bxg6 fxg6 25. exf6 Qxf6 26. Rbc1 g4 27. hxg4 Bxg4 28. f3 Bd7 29. Qd2 Re7 30. Re1 Rce8 31. Kf1 Qh4 32. Rxe7 Qxe7 33. Nd1 g5 34. Nf2 Qe3 35. Qxe3 Rxe3 36. Re1 Rb3 37. Re7 Bf5 38. Ra7 Rxb4 39. Rxa6 Rc4 40. Rb6 Kf7 41. a6 Rxd4 42. Rxc6 Ra4 43. g4 Bb1 44. Ke1 Ke7 45. Nd1 d4 46. Nb2 Ra2 47. Kd1 Bh7 48. Rc7+ Kf6 49. a7 Bg6 50. Rb7 Bf7 51. Rxb5 Rxa7 52. Rf5+ Kg6 53. Nd3 Be6 54. Ne5+ Kh7 55. Rxg5 Ra2 56. Nc6 Bb3+ 57. Ke1 d3 0-1

[Event "Landesliga Sued 0910"]
[Site "Bayern"]
[Date "2010.04.11"]
[Round "9.6"]
[White "Monninger, Moritz Franz"]
[Black "Stoer, Andreas"]
[Result "0-1"]
[WhiteElo "2012"]
[BlackElo "2216"]
[PlyCount "75"]
[EventDate "2009.10.18"]
[EventType "team-tourn"]
[EventRounds "9"]
[EventCountry "GER"]
[SourceTitle "EXT 2011"]
[Source "ChessBase"]
[SourceDate "2010.11.26"]
[SourceVersion "1"]
[SourceVersionDate "2010.11.26"]
[SourceQuality "1"]
[WhiteTeam "Muenchen Tarrasch II"]
[BlackTeam "Kriegshaber"]
[WhiteTeamCountry "GER"]
[BlackTeamCountry "GER"]

1. d4 d5 2. c4 c6 3. Nc3 Nf6 4. Nf3 e6 5. e3 Nbd7 6. Bd3 dxc4 7. Bxc4 b5 8. Bb3 Bb7 9. 0-0 a6 10. Qe2 c5 11. e4 b4 12. e5 bxc3 13. exf6 gxf6 14. bxc3 Be7 15. Rd1 Qc7 16. Ba4 0-0-0 17. Bc2 Nb6 18. c4 cxd4 19. Nxd4 Rhg8 20. Be4 Bxe4 21. Qxe4 e5 22. Be3 exd4 23. Bxd4 Bc5 24. Qf5+ Nd7 25. Bxc5 Qxc5 26. Rd5 Qc6 27. h4 h6 28. Rb1 Rge8 29. f4 Kc7 30. Kh2 Re2 31. Rbd1 Kc8 32. Qd3 Rxa2 33. Qf3 Rg8 34. Rg1 Kc7 35. Qb3 Rf2 36. Qe3 Rb2 37. Qa3 Re2 38. Rgd1 0-1

[Event "Landesliga Sued 0910"]
[Site "Bayern"]
[Date "2010.02.28"]
[Round "7.7"]
[White "Stoer, Andreas"]
[Black "Shahin, Walid"]
[Result "1-0"]
[WhiteElo "2216"]
[BlackElo "1996"]
[PlyCount "49"]
[EventDate "2009.10.18"]
[EventType "team-tourn"]
[EventRounds "9"]
[EventCountry "GER"]
[SourceTitle "EXT 2011"]
[Source "ChessBase"]
[SourceDate "2010.11.26"]
[SourceVersion "1"]
[SourceVersionDate "2010.11.26"]
[SourceQuality "1"]
[WhiteTeam "Kriegshaber"]
[BlackTeam "Weilheim"]
[WhiteTeamCountry "GER"]
[BlackTeamCountry "GER"]

1. c4 e5 2. Nc3 Nc6 3. Nf3 Bc5 4. e3 Nf6 5. d4 exd4 6. exd4 Be7 7. d5 Nb8 8. Bd3 0-0 9. 0-0 d6 10. h3 Nbd7 11. Re1 Nc5 12. Bc2 a5 13. a3 Bd7 14. b3 Re8 15. Rb1 Rb8 16. Bf4 Bf8 17. Qd2 Rxe1+ 18. Rxe1 b5 19. cxb5 Bxb5 20. Nxb5 Rxb5 21. Nd4 Rb6 22. Bg5 h6 23. Nc6 Rxc6 24. Bxf6 Qd7 25. dxc6 1-0

[Event "Regionalliga SW 0809"]
[Site "Bayern"]
[Date "2009.03.29"]
[Round "9.3"]
[White "Stoer, Andreas"]
[Black "Heinrich, Helmut1"]
[Result "1-0"]
[WhiteElo "2122"]
[BlackElo "2006"]
[PlyCount "70"]
[EventDate "2008.10.05"]
[EventType "team-tourn"]
[EventRounds "9"]
[EventCountry "GER"]
[SourceTitle "EXT 2020"]
[Source "ChessBase"]
[SourceDate "2019.10.17"]
[SourceVersion "1"]
[SourceVersionDate "2019.10.17"]
[SourceQuality "1"]
[WhiteTeam "Kriegshaber"]
[BlackTeam "Klosterlechfeld"]
[WhiteTeamCountry "GER"]
[BlackTeamCountry "GER"]

1. c4 Nf6 2. Nf3 b6 3. g3 Bb7 4. Bg2 e6 5. 0-0 Be7 6. Nc3 0-0 7. Re1 d6 8. e4 h6 9. d4 Nbd7 10. Qc2 a6 11. Bd2 Rc8 12. Rad1 c5 13. d5 e5 14. Nh4 Kh7 15. f4 Ng8 16. Nf3 Bf6 17. g4 g5 18. fxg5 Bxg5 19. Bxg5 hxg5 20. Qd2 Kg6 21. h4 f6 22. Ne2 Nh6 23. Ng3 b5 24. Nf5 Nb6 25. cxb5 axb5 26. Rf1 Ra8 27. a3 Nc4 28. Qc1 Nxg4 29. Bh3 Nh6 30. Rf2 Nf7 31. Bf1 Rg8 32. Rg2 Kh7 33. hxg5 Nxg5 34. Nxg5+ Rxg5 35. Rd3 Kg6 1-0

[Event "Regionalliga SW 0809"]
[Site "Bayern"]
[Date "2009.02.01"]
[Round "6.4"]
[White "Stoer, Andreas"]
[Black "Urankar, Hans Peter"]
[Result "1-0"]
[WhiteElo "2122"]
[BlackElo "2161"]
[PlyCount "65"]
[EventDate "2008.10.05"]
[EventType "team-tourn"]
[EventRounds "9"]
[EventCountry "GER"]
[SourceTitle "EXT 2020"]
[Source "ChessBase"]
[SourceDate "2019.10.17"]
[SourceVersion "1"]
[SourceVersionDate "2019.10.17"]
[SourceQuality "1"]
[WhiteTeam "Kriegshaber"]
[BlackTeam "Unterhaching"]
[WhiteTeamCountry "GER"]
[BlackTeamCountry "GER"]

1. c4 g6 2. Nf3 d6 3. g3 Bg7 4. Bg2 f5 5. 0-0 Nf6 6. Nc3 0-0 7. b4 a5 8. b5 Ne4 9. Bb2 Nxc3 10. Bxc3 Bxc3 11. dxc3 e6 12. Qd2 Nd7 13. e4 Nc5 14. exf5 exf5 15. Rfe1 Qf6 16. Nd4 Kh8 17. Nb3 Ne6 18. b6 a4 19. Nd4 cxb6 20. Rab1 Nc5 21. Rxb6 Ra6 22. Rbb1 g5 23. Bd5 f4 24. Qe2 Ra8 25. Qe7 Qh6 26. Nf3 fxg3 27. fxg3 Bf5 28. Rb6 Nd3 29. Rxd6 Bg6 30. Ree6 g4 31. Qg5 Qh3 32. Rxg6 hxg6 33. Rxg6 1-0

[Event "Regionalliga SW 0708"]
[Site "Bayern"]
[Date "2008.02.17"]
[Round "6.3"]
[White "Pleyer, Felix"]
[Black "Stoer, Andreas"]
[Result "1/2-1/2"]
[WhiteElo "2002"]
[BlackElo "2116"]
[PlyCount "58"]
[EventDate "2007.10.21"]
[EventType "team-tourn"]
[EventRounds "9"]
[EventCountry "GER"]
[SourceTitle "EXT 2009"]
[Source "ChessBase"]
[SourceDate "2008.11.26"]
[SourceVersion "1"]
[SourceVersionDate "2008.11.26"]
[SourceQuality "1"]
[WhiteTeam "Sonthofen"]
[BlackTeam "Kriegshaber"]
[WhiteTeamCountry "GER"]
[BlackTeamCountry "GER"]

1. e4 e5 2. d4 exd4 3. Qxd4 Nc6 4. Qe3 Nf6 5. Nc3 Be7 6. Bd2 0-0 7. 0-0-0 d5 8. exd5 Nxd5 9. Qf3 Nxc3 10. Bxc3 Bd6 11. Bc4 Qg5+ 12. Bd2 Qh4 13. Qb3 Nd4 14. Qa4 Be6 15. f4 Bxf4 16. Kb1 Bxc4 17. Qxc4 Bxd2 18. Ne2 Be3 19. Nxd4 Rad8 20. c3 Qe4+ 21. Ka1 Qxg2 22. Nf5 Bb6 23. Rhf1 Rxd1+ 24. Rxd1 Re8 25. a4 Qf3 26. Rf1 Qe4 27. Nh6+ gxh6 28. Qxf7+ Kh8 29. Qf6+ Kg8 1/2-1/2